000
00312nam a22001457a 4500
003
OSt
005
20160727222350.0
008
160622b xxu||||| |||| 00| 0 eng d
040
_c
TEST
100
_9
367
_a
Wallance, L,
245
_a
Benhur
260
_a
N.Y
_b
Airmont
_c
1965
300
_a
Benhur
942
_2
ddc
_c
BK
999
_c
297
_d
297